| 000 | 01087cad a22002055a 4500 | ||
|---|---|---|---|
| 001 | L152037 | ||
| 008 | 110127s2009 xxk f 000 0 eng d | ||
| 035 | _a(Sirsi) u152037 | ||
| 041 | 0 | _aeng | |
| 100 | 1 | _aSharp, Graham | |
| 245 | 0 | 0 |
_aConstruction statistics _bsources and outputs _h[electronic resource] |
| 260 |
_a[S.l.]bONS _c2009 |
||
| 520 | _aThis report brings together under one cover a wide range of statistics that are currently available on the construction industry. It gives a broad perspective of statistical trends in the construction industry in Great Britain through the last decade together with some international comparisons and features on leading initiatives that may influence the future. | ||
| 590 | _aKA NTK | ||
| 651 | 4 |
_aUnited Kingdom _y |
|
| 690 | _aBUILT ENVIRONMENT-CONSTRUCTION MARKET | ||
| 710 | 1 |
_aOffice for National Statistics _92210 |
|
| 856 | 4 | 0 |
_uhttps://www.ons.gov.uk/ons/rel/construction/construction-statistics/construction-statistics--sources-and-outputs/index.html _z View this item free of charge at www.statistics.gov.uk |
| 942 | _n0 | ||
| 999 |
_c111809 _d111809 |
||